Normal view MARC view
  • Opie Lionel & Gersh Bernard

Entry Personal Name

Number of records used in: 1

001 - CONTROL NUMBER

  • control field: 177487

003 - CONTROL NUMBER IDENTIFIER

  • control field: OSt

005 - DATE AND TIME OF LATEST TRANSACTION

  • control field: 20230314152220.0

008 - FIXED-LENGTH DATA ELEMENTS

  • fixed length control field: 230314|| aca||aabn | a|a d

040 ## - CATALOGING SOURCE

  • Original cataloging agency: OSt
  • Transcribing agency: OSt

100 ## - HEADING--PERSONAL NAME

  • Personal name: Opie Lionel & Gersh Bernard

670 ## - SOURCE DATA FOUND

  • Source citation: Work cat.: (OSt)137580: Opie Lionel & Gersh Bernard, Drugs for the Heart, 2005